000
00280nam a2200121Ia 4500
008
190216s9999||||xx |||||||||||||| ||und||
100
_a
Afzal-Ul-Ulama
245
0
_a
Al-Arabu Wa Adabarum
260
_b
Sultana Publishing House
_c
1976
300
_a
45
650
_a
Arabic
942
_c
BK
999
_c
159
_d
159